Principles and Strategies for Global Forest Resource Management

Lesníctvo ako sektor hospodárstva je zodpovedné za obhospodarovanie lesných ekosystémov a má aj osobitnú pozíciu koordinácie vo využívaní krajiny pre udržiavanie ekonomického rozvoja a zabezpečovanie ostatných potrieb spoločnosti. Stromy a lesy sa čoraz viac stávajú spoločenskými elementmi. V budúcn...

Descripción completa

Guardado en:
Detalles Bibliográficos
Autor principal: Černota, Mikuláš, 1979-
Formato: Capítulo de libro
Lenguaje:inglés
Materias:
Etiquetas: Agregar Etiqueta
Sin Etiquetas, Sea el primero en etiquetar este registro!

MARC

LEADER 00000nla a2200000 4500
001 0241471
005 20240502073930.8
041 0 |a eng 
044 |a SK 
245 1 0 |a Principles and Strategies for Global Forest Resource Management  |c Mikuláš Černota 
520 |a Lesníctvo ako sektor hospodárstva je zodpovedné za obhospodarovanie lesných ekosystémov a má aj osobitnú pozíciu koordinácie vo využívaní krajiny pre udržiavanie ekonomického rozvoja a zabezpečovanie ostatných potrieb spoločnosti. Stromy a lesy sa čoraz viac stávajú spoločenskými elementmi. V budúcnosti bude veľa záležať na tom ako spoločnosť vníma lesné ekosystémy. Veda a výskum budú hrať významnú podpornú úlohu, ale hlavným faktorom bude vnímanie spoločnosti o úlohách lesov. Významnou úlohou lesníckej profesie na celom svete je komunikovať myšlienku, že jednou z najefektívnejších ciest záchrany lesov je ich využívanie. 
610 2 0 |a lesy 
610 2 0 |a ochrana lesa 
610 2 0 |a ekosystémy 
610 2 0 |a zdroje prírodné 
610 2 0 |a manažment 
100 1 |a Černota, Mikuláš, 1979-